Le sacre et le profane

Na minha lista:
Detalhes bibliográficos
Autor principal: Eliade, Mircea (Autor)
Formato: Livro
Idioma:francês
Publicado em: Saint-Amand-les-Eaux Gallimard 1965
Edição:1a. ed
Assuntos:
Tags: Adicionar Tag
Sem tags, seja o primeiro a adicionar uma tag!

MARC

LEADER 00000cam a2200000 a 4500
001 UCE7617
003 CL-VaPUC
008 150626e19650000fr |||||||||||||||||fre|d
082 0 4 |a 291.13  |b ELI  |2 21 
100 0 |a Eliade, Mircea  |e author  |9 580292 
245 1 3 |a Le sacre et le profane 
250 |a 1a. ed 
300 |a 186 p 
942 |c BK 
945 |d 20150626 15:30:00  |a gsalatino 
260 |a Saint-Amand-les-Eaux  |b Gallimard  |c 1965 
650 0 |a Religiones  |9 265211 
650 0 |a Mitología   |9 255719 
583 |a last modification  |c 20150626 15:30:00  |k Rodrigo Vera 
999 |c 359672  |d 359670 
952 |0 0  |1 0  |3 erb  |4 0  |6 291_130000000000000_ELI_1965  |7 0  |8 A  |9 469067  |a BIBTEO  |b BIBTEO  |e Casale Rolle, Carlos Ignacio, -2014  |i 5182751  |o 291.13 ELI 1965  |p 5182751  |r 2024-01-18  |w 2019-11-23  |y BK  |z Catalogado en:20150626  |k ICR